Devinez la Capitale Mystère #109 - Statistiques

Statistiques générales
  • Ce quiz a été pris 136 fois
  • Le résultat moyen est 28 sur 32
Statistiques - réponses
Type de Réponse Réponse % Correct
Lettre de l'Alphabet A
100%
Lettre de l'Alphabet I
100%
Lettre de l'Alphabet R
100%
Lettre de l'Alphabet S
100%
Lettre de l'Alphabet E
99%
Lettre de l'Alphabet P
99%
Lettre de l'Alphabet L
97%
Lettre de l'Alphabet N
97%
Lettre Trouvée O
97%
Lettre de l'Alphabet U
95%
Lettre de l'Alphabet M
94%
Lettre de l'Alphabet B
92%
Lettre de l'Alphabet D
90%
Lettre Bien Placée O
90%
Lettre Trouvée T
89%
Lettre de l'Alphabet G
88%
Lettre de l'Alphabet C
87%
Lettre Bien Placée O
84%
Lettre de l'Alphabet H
83%
Lettre de l'Alphabet W
82%
Lettre Trouvée K
80%
Lettre de l'Alphabet V
79%
Lettre de l'Alphabet X
79%
Lettre Bien Placée K
75%
Lettre Bien Placée T
74%
Lettre Trouvée Y
74%
Lettre de l'Alphabet Z
74%
Lettre de l'Alphabet J
72%
Lettre de l'Alphabet Q
72%
Lettre de l'Alphabet F
70%
Capitale Mystère Tokyo
70%
Lettre Bien Placée Y
70%
Aucun quiz correspondant
Distribution des résultats
% des personnes avec chaque résultat
Percentile par nombre de réponses
Votre historique - résultats
Vous n’avez pas pris ce quiz